Disneyland in the World - Statistics

General Stats
  • This quiz has been taken 65 times
  • The average score is 3 of 6
Answer Stats
Theme Park % Correct
Disneyland Paris
92%
Tokyo Disneyland
64%
Hong Kong Disneyland
62%
Shanghai Disneyland Park
58%
Disneyland Resort (Anaheim)
26%
Walt Disney World Resort (Orlando)
21%
No matching quizzes found
Score Distribution
Percent of People with Each Score
Percentile by Number Answered
Your Score History
You have not taken this quiz